000 00682nam a2200217Ii 4500
001 19214
003 CO-ViMGA
008 241108s9999||||xx |||||||||||||| ||und||
020 _a9586144127
040 _aCO-ViMGA
_bspa
_erda
_cCO-ViMGA
041 0 _aspa
082 0 4 _a129.4 V15v
100 1 _aJota Mario Valencia
_949096
245 1 0 _aVolver a vivir :
_bun increíble y sorprendente reportaje sobre la reencarnación
264 1 _aBogotá, Colombia : Planeta Colombiana Editorial, 1994
300 _avolumen
336 _atext
_btxt
_2rdacontent
337 _aunmediated
_bn
_2rdamedia
338 _avolume
_bnc
_2rdacarrier
940 _aidficha_siabuc: 18871. -- ficha_no_siabuc:19214
999 _c43739
_d43739